[Event "1. Bundesliga 2016/2017"]
[Site "St. Veit/Glan"]
[Date "2017.03.24"]
[Round "6"]
[Board "5"]
[White "De Francesco, Klaus"]
[Black "Schlosser, Philipp"]
[Result "0-1"]
[WhiteElo "2235"]
[BlackElo "2523"]
[PlyCount "50"]
[EventDate "2016.10.20"]
[EventType "team"]
[EventRounds "11"]
[EventCountry "AUT"]
[WhiteTeam "Schachklub Absam"]
[BlackTeam "Schachklub Sparkasse Jenbach"]

1.d4 Nf6 2.c4 e6 3.Nc3 Bb4 4.Nf3 b6 5.Bg5 h6 6.Bh4 Bb7 7.Nd2 Nc6 8.e3 Ne7 9.f3 Nf5
10.Bf2 c5 11.a3 cxd4 12.exd4 Bxc3 13.bxc3 O-O 14.Bd3 d5 15.O-O dxc4 16.Nxc4 Rc8 17.Rc1
Nd5 18.Qd2 Ba6 19.Ne5 Bxd3 20.Nxd3 Nd6 21.Ne5 Nc4 22.Qd3 Qg5 23.h4 Nxe5 24.dxe5 Qxg2+
25.Kxg2 Nf4+ 0-1

[Event "1. Bundesliga 2016/2017"]
[Site "St. Veit/Glan"]
[Date "2017.03.24"]
[Round "6"]
[Board "6"]
[White "Lehner, Oliver"]
[Black "Gerhold, Michael"]
[Result "1/2-1/2"]
[WhiteElo "2393"]
[BlackElo "2236"]
[PlyCount "60"]
[EventDate "2016.10.20"]
[EventType "team"]
[EventRounds "11"]
[EventCountry "AUT"]
[WhiteTeam "Schachklub Sparkasse Jenbach"]
[BlackTeam "Schachklub Absam"]

1.d4 d5 2.Bf4 c5 3.e3 Nc6 4.c3 Nf6 5.Nd2 e6 6.Ngf3 cxd4 7.exd4 Nh5 8.Be3 Bd6 9.g3
O-O 10.Nh4 g6 11.Be2 Ng7 12.O-O g5 13.Ng2 Nf5 14.Bd3 Nxe3 15.Nxe3 Qf6 16.f4 gxf4 17.gxf4
Qh4 18.Kh1 Kh8 19.Ng2 Qh6 20.Nf3 f6 21.Qe1 Bd7 22.Qh4 Qxh4 23.Nfxh4 Rg8 24.Ne3 Ne7
25.Rae1 Rac8 26.f5 e5 27.dxe5 Bxe5 28.Nf3 Bd6 29.Nd4 a6 30.Rg1 Rxg1+ 1/2-1/2

[Event "1. Bundesliga 2016/2017"]
[Site "St. Veit/Glan"]
[Date "2017.03.24"]
[Round "6"]
[Board "1"]
[White "Melkumyan, Hrant"]
[Black "Zilka, Stepan"]
[Result "1-0"]
[WhiteElo "2619"]
[BlackElo "2523"]
[PlyCount "83"]
[EventDate "2016.10.20"]
[EventType "team"]
[EventRounds "11"]
[EventCountry "AUT"]
[WhiteTeam "ASVOE Wulkaprodersdorf"]
[BlackTeam "Blackburne Nickelsdorf"]

1.d4 Nf6 2.c4 e6 3.Nc3 d5 4.cxd5 exd5 5.Bg5 c6 6.e3 Be7 7.Qc2 Nbd7 8.Bd3 O-O 9.h3
Re8 10.Nf3 Nf8 11.Bf4 Ng6 12.Bh2 Bd6 13.Bxd6 Qxd6 14.O-O-O Bd7 15.Kb1 Rac8 16.g4 Qe7
17.Nd2 c5 18.dxc5 Rxc5 19.Nb3 Ba4 20.Bf5 Nh4 21.g5 Bxb3 22.axb3 Ne4 23.Bxe4 dxe4 24.Qxe4
Qxe4+ 25.Nxe4 Rce5 26.Nd6 Rb8 27.Rhg1 Nf3 28.Rg3 Nxg5 29.f4 Ne4 30.fxe5 Nxg3 31.Rg1
Nh5 32.Rc1 Ng3 33.Rc7 Nf1 34.Rxf7 Nxe3 35.e6 Nd5 36.Nf5 Re8 37.Rxg7+ Kf8 38.Rf7+ Kg8
39.Rd7 Nf4 40.Nh6+ Kh8 41.e7 Ne6 42.Nf7+ 1-0

[Event "1. Bundesliga 2016/2017"]
[Site "St. Veit/Glan"]
[Date "2017.03.24"]
[Round "6"]
[Board "2"]
[White "Schwarhofer, Christopher"]
[Black "Kraemer, Martin"]
[Result "0-1"]
[WhiteElo "2385"]
[BlackElo "2574"]
[PlyCount "196"]
[EventDate "2016.10.20"]
[EventType "team"]
[EventRounds "11"]
[EventCountry "AUT"]
[WhiteTeam "Blackburne Nickelsdorf"]
[BlackTeam "ASVOE Wulkaprodersdorf"]

1.e4 c5 2.Nf3 d6 3.d4 cxd4 4.Nxd4 Nf6 5.Nc3 a6 6.h3 e5 7.Nde2 h5 8.Bg5 Be6 9.f4 Nbd7
10.Qd2 Rc8 11.g3 b5 12.Bg2 Be7 13.a3 O-O 14.b3 Nb6 15.Rd1 Rc6 16.Nd5 Bxd5 17.exd5
Rc7 18.fxe5 dxe5 19.d6 Bxd6 20.Bxf6 gxf6 21.Be4 Kg7 22.Bf5 Qa8 23.O-O Rd8 24.Kh2 Be7
25.Qe3 Bc5 26.Rxd8 Bxe3 27.Rxa8 Nxa8 28.Kg2 Nb6 29.Rd1 Bc5 30.a4 bxa4 31.bxa4 Nc4
32.Kf3 Ne3 33.Rd7 Rxd7 34.Bxd7 f5 35.g4 hxg4+ 36.hxg4 fxg4+ 37.Ke4 Kf6 38.a5 Kg5 39.Kxe5
f6+ 40.Ke4 f5+ 41.Ke5 Ba7 42.Bc8 Bb8+ 43.Kd4 Nxc2+ 44.Kc3 Ne3 45.Bxa6 Bc7 46.Kd3 Nf1
47.Nd4 Bxa5 48.Bc8 Ng3 49.Ne6+ Kf6 50.Nf4 Ne4 51.Nd5+ Kg5 52.Bxf5 Kxf5 53.Ne3+ Kf4
54.Nxg4 Bb6 55.Nh6 Ng5 56.Ng8 Bd8 57.Kd4 Nf7 58.Kd5 Kf5 59.Kc6 Ke6 60.Kc5 Bg5 61.Kc6
Nh8 62.Kc5 Kf7 63.Kd5 Kxg8 64.Ke6 Nf7 65.Kf5 Kg7 66.Ke6 Kg6 67.Kd5 Kf5 68.Kd4 Ke6
69.Ke4 Nd6+ 70.Kd4 Bf6+ 71.Ke3 Kd5 72.Kf4 Bd4 73.Kf3 Ke5 74.Kg4 Ke4 75.Kg3 Nf7 76.Kg4
Be5 77.Kh4 Kf4 78.Kh3 Ng5+ 79.Kg2 Ne4 80.Kg1 Kf3 81.Kh1 Nf2+ 82.Kg1 Bd6 83.Kf1 Bh2
84.Ke1 Ne4 85.Kd1 Ke3 86.Kc2 Nd2 87.Kc3 Bd6 88.Kc2 Be5 89.Kd1 Kd3 90.Kc1 Nc4 91.Kd1
Bg3 92.Kc1 Bh4 93.Kd1 Nb2+ 94.Kc1 Kc3 95.Kb1 Bg5 96.Ka2 Nc4 97.Kb1 Kb3 98.Ka1 Bh6 0-1

[Event "1. Bundesliga 2016/2017"]
[Site "St. Veit/Glan"]
[Date "2017.03.24"]
[Round "6"]
[Board "3"]
[White "Schneider, Ilja"]
[Black "Lendwai, Reinhard"]
[Result "1-0"]
[WhiteElo "2516"]
[BlackElo "2370"]
[PlyCount "75"]
[EventDate "2016.10.20"]
[EventType "team"]
[EventRounds "11"]
[EventCountry "AUT"]
[WhiteTeam "ASVOE Wulkaprodersdorf"]
[BlackTeam "Blackburne Nickelsdorf"]

1.d4 d5 2.c4 e6 3.Nf3 Nf6 4.g3 Bb4+ 5.Bd2 Bxd2+ 6.Qxd2 O-O 7.Bg2 c6 8.O-O Nbd7 9.Rc1
b6 10.a4 Ba6 11.Na3 Rc8 12.b4 Ne4 13.Qb2 Qf6 14.b5 Bb7 15.bxc6 Bxc6 16.Nb5 Bxb5 17.Qxb5
Qe7 18.cxd5 Nc3 19.Qd3 Nxd5 20.Rc4 Nb4 21.Qc3 Nd5 22.Qb3 Qd6 23.Rac1 Ne7 24.Ng5 Nf6
25.e4 Qd7 26.e5 Rxc4 27.Rxc4 Nfd5 28.Qc2 g6 29.Bxd5 Nxd5 30.Ne4 Kg7 31.Nd6 a6 32.h4
h6 33.h5 g5 34.Ne4 Rb8 35.Nf6 Nxf6 36.Rc7 Qd8 37.Qg6+ Kh8 38.Rxf7 1-0

[Event "1. Bundesliga 2016/2017"]
[Site "St. Veit/Glan"]
[Date "2017.03.24"]
[Round "6"]
[Board "4"]
[White "Pinter, Erik"]
[Black "Volkmann, Friedrich Karl"]
[Result "0-1"]
[WhiteElo "2382"]
[BlackElo "2403"]
[PlyCount "58"]
[EventDate "2016.10.20"]
[EventType "team"]
[EventRounds "11"]
[EventCountry "AUT"]
[WhiteTeam "Blackburne Nickelsdorf"]
[BlackTeam "ASVOE Wulkaprodersdorf"]

1.e4 c5 2.Nf3 e6 3.c3 Nf6 4.e5 Nd5 5.g3 d6 6.exd6 Qxd6 7.Bg2 Nc6 8.O-O Bd7 9.d4 cxd4
10.Nxd4 Nxd4 11.Qxd4 Bc6 12.Nd2 Nb6 13.Qxd6 Bxd6 14.Bxc6+ bxc6 15.Ne4 Be7 16.b3 f5
17.Ng5 e5 18.c4 Bf6 19.Re1 h6 20.Nh3 e4 21.Rb1 O-O-O 22.Bb2 Bxb2 23.Rxb2 g5 24.Kg2
Nd7 25.Ng1 Ne5 26.Re3 g4 27.h3 h5 28.Rc2 Rd1 29.b4 Rhd8 0-1

[Event "1. Bundesliga 2016/2017"]
[Site "St. Veit/Glan"]
[Date "2017.03.24"]
[Round "6"]
[Board "5"]
[White "Wallner, Joachim"]
[Black "Vlcek, Stanislav"]
[Result "1-0"]
[WhiteElo "2313"]
[BlackElo "2255"]
[PlyCount "87"]
[EventDate "2016.10.20"]
[EventType "team"]
[EventRounds "11"]
[EventCountry "AUT"]
[WhiteTeam "ASVOE Wulkaprodersdorf"]
[BlackTeam "Blackburne Nickelsdorf"]

1.e4 c5 2.Nf3 d6 3.d4 cxd4 4.Nxd4 Nf6 5.Nc3 a6 6.Bg5 e6 7.f4 Nbd7 8.Qf3 Qc7 9.O-O-O
b5 10.Bd3 Bb7 11.Rhe1 Qb6 12.Nd5 Qxd4 13.Bxf6 gxf6 14.Bxb5 Qc5 15.Nxf6+ Kd8 16.Nxd7
Qxb5 17.Nxf8 Rxf8 18.Qa3 Ke8 19.Qxd6 Qc6 20.Qd2 Qc7 21.f5 Rd8 22.Qb4 Rxd1+ 23.Rxd1
Rg8 24.g3 Rg4 25.fxe6 fxe6 26.Rd4 Qe7 27.Qa4+ Kf8 28.b3 Qg5+ 29.Kb1 Qb5 30.Rd8+ Ke7
31.Qd4 Rxe4 32.Qd6+ Kf6 33.Rf8+ Kg6 34.Rg8+ Kh5 35.g4+ Rxg4 36.Qd1 Qf5 37.h3 Bf3 38.hxg4+
Bxg4 39.Qh1+ Bh3 40.Qa8 Qf1+ 41.Kb2 Qf6+ 42.Ka3 e5 43.Qe4 Qd6+ 44.b4 1-0

[Event "1. Bundesliga 2016/2017"]
[Site "St. Veit/Glan"]
[Date "2017.03.24"]
[Round "6"]
[Board "6"]
[White "Kuntner, Reinhard"]
[Black "Mesaros, Florian"]
[Result "1-0"]
[WhiteElo "2023"]
[BlackElo "2335"]
[PlyCount "41"]
[EventDate "2016.10.20"]
[EventType "team"]
[EventRounds "11"]
[EventCountry "AUT"]
[WhiteTeam "Blackburne Nickelsdorf"]
[BlackTeam "ASVOE Wulkaprodersdorf"]

1.c4 e6 2.Nf3 d5 3.e3 Nf6 4.d4 c5 5.Nc3 Nc6 6.a3 a6 7.dxc5 Bxc5 8.b4 Ba7 9.Bb2 O-O
10.Rc1 dxc4 11.Bxc4 Qe7 12.O-O e5 13.Nd5 Nxd5 14.Bxd5 Rd8 15.Qb3 e4 16.Qc3 Nd4 17.Nxd4
Rxd5 18.Nc6 Qg5 19.Ne7+ Kf8 20.Nxd5 Qxd5 21.Qxg7+ 1-0

[Event "1. Bundesliga 2016/2017"]
[Site "St. Veit/Glan"]
[Date "2017.03.25"]
[Round "7"]
[Board "1"]
[White "Zilka, Stepan"]
[Black "Bosiocic, Marin"]
[Result "0-1"]
[WhiteElo "2523"]
[BlackElo "2610"]
[PlyCount "96"]
[EventDate "2016.10.20"]
[EventType "team"]
[EventRounds "11"]
[EventCountry "AUT"]
[WhiteTeam "Blackburne Nickelsdorf"]
[BlackTeam "SV Pillenkoenig St. Veit"]

1.e4 c5 2.Nf3 e6 3.d4 cxd4 4.Nxd4 Nc6 5.Nc3 Qc7 6.Be3 a6 7.Qd2 Nf6 8.O-O-O Bb4 9.f3
O-O 10.a3 Be7 11.g4 b5 12.h4 b4 13.axb4 Bxb4 14.h5 Rb8 15.g5 Ne8 16.g6 Qa5 17.Nb3
Bxc3 18.Qxc3 Qxc3 19.gxh7+ Kxh7 20.bxc3 d6 21.f4 e5 22.fxe5 Nxe5 23.Bf4 f6 24.Rd4
Rf7 25.Be2 Be6 26.Rb4 Rc8 27.Nd4 Bc4 28.Bxe5 Bxe2 29.Bg3 Bc4 30.Nf5 Rd7 31.Rb6 Bb5
32.h6 g6 33.Nxd6 Nxd6 34.Rxd6 Rxd6 35.Bxd6 Re8 36.e5 f5 37.Kd2 f4 38.Rh4 g5 39.Rh5
Kg6 40.Rh2 Rh8 41.e6 Rxh6 42.Rxh6+ Kxh6 43.c4 Bxc4 44.e7 Bb5 45.c4 Bc6 46.Bc7 Kg6
47.Kd3 Kf5 48.c5 g4 0-1

[Event "1. Bundesliga 2016/2017"]
[Site "St. Veit/Glan"]
[Date "2017.03.25"]
[Round "7"]
[Board "2"]
[White "Brkic, Ante"]
[Black "Schwarhofer, Christopher"]
[Result "1/2-1/2"]
[WhiteElo "2552"]
[BlackElo "2385"]
[PlyCount "117"]
[EventDate "2016.10.20"]
[EventType "team"]
[EventRounds "11"]
[EventCountry "AUT"]
[WhiteTeam "SV Pillenkoenig St. Veit"]
[BlackTeam "Blackburne Nickelsdorf"]

1.e4 d5 2.exd5 Qxd5 3.Nc3 Qd6 4.d4 c6 5.Nf3 Bg4 6.h3 Bh5 7.g3 Nf6 8.Bg2 e6 9.O-O Be7
10.Ne2 O-O 11.Nf4 Bxf3 12.Bxf3 Rd8 13.c3 e5 14.dxe5 Qxe5 15.Qc2 Nbd7 16.Bd2 Qc7 17.Rad1
Ne5 18.Bg2 Nc4 19.Bc1 a5 20.Rfe1 Rxd1 21.Qxd1 Bf8 22.a4 Bc5 23.Nd3 Bd6 24.Bg5 Nd7
25.Re4 Nce5 26.Rd4 Nf8 27.Bf4 Re8 28.Re4 Re6 29.Nxe5 Bxe5 30.Be3 Bxg3 31.Qb3 Rxe4
32.Bxe4 Bf4 33.Qb6 Ne6 34.Qxc7 Bxc7 35.b4 g6 36.Kf1 Kf8 37.Ke2 Ke7 38.Kd3 f5 39.Bg2
g5 40.Kc4 h5 41.f3 Kf6 42.Bd4+ Be5 43.Be3 Nc7 44.bxa5 Nd5 45.Bd4 Nf4 46.Bf1 g4 47.fxg4
fxg4 48.hxg4 hxg4 49.Kc5 Nd5 50.c4 Nc3 51.Bxe5+ Kxe5 52.Kb6 Nxa4+ 53.Kxb7 Kd6 54.a6
Nc5+ 55.Kb6 Nxa6 56.Kxa6 Kc5 57.Kb7 g3 58.Bg2 Kxc4 59.Bxc6 1/2-1/2

[Event "1. Bundesliga 2016/2017"]
[Site "St. Veit/Glan"]
[Date "2017.03.25"]
[Round "7"]
[Board "3"]
[White "Lendwai, Reinhard"]
[Black "Antoniewski, Rafal"]
[Result "1/2-1/2"]
[WhiteElo "2370"]
[BlackElo "2535"]
[PlyCount "64"]
[EventDate "2016.10.20"]
[EventType "team"]
[EventRounds "11"]
[EventCountry "AUT"]
[WhiteTeam "Blackburne Nickelsdorf"]
[BlackTeam "SV Pillenkoenig St. Veit"]

1.c4 g6 2.Nc3 Bg7 3.g3 Nf6 4.Bg2 d6 5.e4 c5 6.Nge2 Nc6 7.O-O O-O 8.d3 Rb8 9.Rb1 a6
10.a3 b5 11.cxb5 axb5 12.b4 cxb4 13.axb4 Bg4 14.h3 Bxe2 15.Nxe2 d5 16.Bb2 d4 17.f4
e5 18.Qb3 Nd7 19.Bc1 Bh6 20.Bd2 Nb6 21.Rbc1 Qd7 22.Rc5 Na4 23.Rd5 Qe7 24.Rc1 Rb6 25.Rc2
Nc3 26.Nxc3 Qxb4 27.Qa2 dxc3 28.Rxc3 Qe7 29.Rb3 Rfb8 30.fxe5 Bxd2 31.Qxd2 Nxe5 32.d4
Nc4 1/2-1/2

[Event "1. Bundesliga 2016/2017"]
[Site "St. Veit/Glan"]
[Date "2017.03.25"]
[Round "7"]
[Board "1"]
[White "Nisipeanu, Liviu-Dieter"]
[Black "Melkumyan, Hrant"]
[Result "1-0"]
[WhiteElo "2684"]
[BlackElo "2619"]
[PlyCount "113"]
[EventDate "2016.10.20"]
[EventType "team"]
[EventRounds "11"]
[EventCountry "AUT"]
[WhiteTeam "Schachklub Sparkasse Jenbach"]
[BlackTeam "ASVOE Wulkaprodersdorf"]

1.e4 e5 2.Nf3 Nc6 3.Bc4 Bc5 4.c3 Nf6 5.d3 d5 6.exd5 Nxd5 7.Qb3 Nf6 8.Bxf7+ Kf8 9.O-O
Qxd3 10.Bc4 Qf5 11.Be3 Bd6 12.Nbd2 e4 13.Ng5 Na5 14.Qb5 h6 15.Qxf5 Bxf5 16.Ne6+ Kf7
17.Nd4+ Nxc4 18.Nxc4 Bd7 19.Rfd1 Rhd8 20.a4 Bg4 21.Rd2 a6 22.h3 Be6 23.Nxe6 Kxe6 24.Re2
Be7 25.Bd4 Kf7 26.Bxf6 Bxf6 27.Rxe4 Rd5 28.Rae1 Rad8 29.g3 Rd1 30.Kf1 b5 31.axb5 axb5
32.Ne5+ Kf8 33.Ng4 Rxe1+ 34.Kxe1 Be7 35.Ne3 Ra8 36.Kd2 Bd6 37.Nf5 Bc5 38.Nd4 Kg8 39.Re5
Bxd4 40.cxd4 Ra4 41.Rxb5 Rxd4+ 42.Kc3 Rd1 43.Rc5 Kf8 44.Kb4 Rd7 45.Kb5 Ke8 46.Kc6
Rf7 47.f4 Kd8 48.Kb7 Rd7 49.b4 Rd3 50.b5 Rxg3 51.Rxc7 h5 52.b6 h4 53.f5 Rxh3 54.Rxg7
Rh1 55.f6 Ke8 56.Kc6 Rc1+ 57.Kd5 1-0

[Event "1. Bundesliga 2016/2017"]
[Site "St. Veit/Glan"]
[Date "2017.03.25"]
[Round "7"]
[Board "2"]
[White "Kraemer, Martin"]
[Black "Volokitin, Andrei"]
[Result "1/2-1/2"]
[WhiteElo "2574"]
[BlackElo "2652"]
[PlyCount "89"]
[EventDate "2016.10.20"]
[EventType "team"]
[EventRounds "11"]
[EventCountry "AUT"]
[WhiteTeam "ASVOE Wulkaprodersdorf"]
[BlackTeam "Schachklub Sparkasse Jenbach"]

1.d4 Nf6 2.c4 g6 3.Nf3 Bg7 4.Nc3 d5 5.Qb3 dxc4 6.Qxc4 O-O 7.e4 a6 8.Be2 b5 9.Qb3 c5
10.dxc5 Bb7 11.e5 Nfd7 12.Be3 Nxe5 13.Nxe5 Bxe5 14.Rd1 Qc7 15.Nd5 Bxd5 16.Qxd5 Nc6
17.Bf3 Rac8 18.Qxc6 Qxc6 19.Bxc6 Rxc6 20.Rd2 f5 21.g3 f4 22.gxf4 Bxf4 23.b4 Bxe3 24.fxe3
Rf3 25.Ke2 Rh3 26.Kd3 a5 27.a3 Rh4 28.Rb1 Ra6 29.Rc2 axb4 30.axb4 Kf7 31.Rf1+ Ke6
32.Rf4 Ra3+ 33.Kd4 Rh5 34.Re4+ Kd7 35.c6+ Kd6 36.Rc5 Rxc5 37.bxc5+ Kxc6 38.Re6+ Kd7
39.Rb6 Rb3 40.Ra6 Rb1 41.Ra7+ Kc6 42.Ra6+ Kd7 43.Ra7+ Kc6 44.Ra6+ Kd7 45.Ke4 1/2-1/2

[Event "1. Bundesliga 2016/2017"]
[Site "St. Veit/Glan"]
[Date "2017.03.25"]
[Round "7"]
[Board "3"]
[White "Wagner, Dennis"]
[Black "Schneider, Ilja"]
[Result "1/2-1/2"]
[WhiteElo "2577"]
[BlackElo "2516"]
[PlyCount "86"]
[EventDate "2016.10.20"]
[EventType "team"]
[EventRounds "11"]
[EventCountry "AUT"]
[WhiteTeam "Schachklub Sparkasse Jenbach"]
[BlackTeam "ASVOE Wulkaprodersdorf"]

1.e4 e5 2.Nf3 d6 3.d4 exd4 4.Nxd4 Nf6 5.Nc3 Be7 6.Qf3 O-O 7.Nf5 Bxf5 8.Qxf5 c6 9.Be3
b5 10.O-O-O Qd7 11.Qxd7 Nbxd7 12.f3 Rfe8 13.g4 Bf8 14.Bg2 b4 15.Ne2 d5 16.g5 Nh5 17.Nf4
Bc5 18.Bd2 Nxf4 19.Bxf4 Nb6 20.Rhe1 Kf8 21.e5 Rad8 22.Bg3 Nc8 23.h4 Ne7 24.Bh3 g6
25.h5 Nf5 26.Bxf5 gxf5 27.Rd2 Ke7 28.g6 Kf8 29.Bh4 Rc8 30.Rg2 fxg6 31.hxg6 Rc7 32.Bf6
hxg6 33.Rh2 Be7 34.Rh8+ Kf7 35.e6+ Kxf6 36.Rxe8 c5 37.Rg8 g5 38.Rh8 Kg7 39.Reh1 Kf6
40.R1h6+ Ke5 41.R8h7 c4 42.Kd1 a5 43.Rg6 Kd6 1/2-1/2

[Event "1. Bundesliga 2016/2017"]
[Site "St. Veit/Glan"]
[Date "2017.03.25"]
[Round "7"]
[Board "4"]
[White "Volkmann, Friedrich Karl"]
[Black "Shengelia, David"]
[Result "0-1"]
[WhiteElo "2403"]
[BlackElo "2570"]
[PlyCount "142"]
[EventDate "2016.10.20"]
[EventType "team"]
[EventRounds "11"]
[EventCountry "AUT"]
[WhiteTeam "ASVOE Wulkaprodersdorf"]
[BlackTeam "Schachklub Sparkasse Jenbach"]

1.d4 Nf6 2.c4 e6 3.Nc3 Bb4 4.Qc2 O-O 5.e4 d6 6.Bd3 e5 7.a3 Bxc3+ 8.bxc3 b6 9.Ne2 Bb7
10.O-O Qe8 11.Ng3 Nc6 12.f4 exd4 13.Bb2 dxc3 14.Qxc3 Qe6 15.Nf5 Ne7 16.Nxg7 Kxg7 17.f5
Qe5 18.Qd2 Qc5+ 19.Kh1 Rg8 20.Qg5+ Kf8 21.Qh6+ Ke8 22.Bxf6 Kd7 23.Qxh7 Raf8 24.Bg7
Re8 25.Bc3 Ref8 26.f6 Ng6 27.Qh3+ Kd8 28.Rf5 Bc8 29.Rxc5 Bxh3 30.Rd5 Be6 31.Rg5 Ne5
32.Rxg8 Rxg8 33.Bxe5 dxe5 34.c5 Rg6 35.cxb6 axb6 36.Rf1 c5 37.Kg1 Kc7 38.Rf3 Kd6 39.h3
c4 40.Bc2 Kc5 41.Kf2 b5 42.g4 Kd4 43.Ke1 Rg8 44.Rg3 c3 45.Rd3+ Kc4 46.Rd6 Re8 47.Kf2
Kc5 48.Rd3 b4 49.axb4+ Kxb4 50.Rd6 Bc4 51.Rb6+ Kc5 52.Rb7 Rd8 53.Rc7+ Kb4 54.Rb7+
Ka3 55.Rc7 Rd2+ 56.Kg3 Kb4 57.g5 Rxc2 58.g6 Ra2 59.g7 Ra8 60.Rb7+ Kc5 61.Ra7 Rb8 62.Ra1
c2 63.Kf3 Kd4 64.Re1 Kc3 65.Ke3 Rb1 66.Kf2 Rxe1 67.g8=Q c1=Q 68.Qg3+ Kb4 69.Qxe5 Qe3+
70.Kg2 Rg1+ 71.Kh2 Qf2# 0-1

[Event "1. Bundesliga 2016/2017"]
[Site "St. Veit/Glan"]
[Date "2017.03.25"]
[Round "7"]
[Board "5"]
[White "Schlosser, Philipp"]
[Black "Wallner, Joachim"]
[Result "1-0"]
[WhiteElo "2523"]
[BlackElo "2313"]
[PlyCount "81"]
[EventDate "2016.10.20"]
[EventType "team"]
[EventRounds "11"]
[EventCountry "AUT"]
[WhiteTeam "Schachklub Sparkasse Jenbach"]
[BlackTeam "ASVOE Wulkaprodersdorf"]

1.Nf3 d5 2.g3 c6 3.Bg2 Bf5 4.c4 e6 5.cxd5 exd5 6.O-O Nf6 7.d3 Be7 8.Qb3 Qb6 9.Qc2
Nbd7 10.Nc3 O-O 11.e4 dxe4 12.dxe4 Be6 13.Be3 Qa5 14.h3 Rfe8 15.Nd4 Bc5 16.Rad1 Rad8
17.a3 Qc7 18.f4 Nb6 19.Bf2 Bf8 20.Ncb5 Qb8 21.Nxe6 fxe6 22.Nd4 Qc8 23.Nf3 h6 24.Bd4
Nbd7 25.h4 c5 26.Bc3 Ng4 27.Qe2 c4 28.Bh3 Ngf6 29.Kh2 Qc6 30.Nd4 Qa6 31.e5 Nd5 32.Qf3
Nxc3 33.bxc3 Bc5 34.Qe4 Bxd4 35.cxd4 Qxa3 36.d5 Qa2+ 37.Kg1 Nc5 38.Qg6 exd5 39.Rxd5
Qe2 40.Bf5 Kf8 41.e6 1-0

[Event "1. Bundesliga 2016/2017"]
[Site "St. Veit/Glan"]
[Date "2017.03.25"]
[Round "7"]
[Board "1"]
[White "Repka, Christopher"]
[Black "Bayer, Bernhard"]
[Result "1/2-1/2"]
[WhiteElo "2461"]
[BlackElo "2431"]
[PlyCount "71"]
[EventDate "2016.10.20"]
[EventType "team"]
[EventRounds "11"]
[EventCountry "AUT"]
[WhiteTeam "Bregenz"]
[BlackTeam "Schachklub Absam"]

1.d4 Nf6 2.Nf3 e6 3.Bf4 c5 4.e3 Qb6 5.Na3 d5 6.Nb5 Na6 7.dxc5 Bxc5 8.c3 O-O 9.Bd3
Ne4 10.O-O f6 11.b4 Be7 12.a4 Kh8 13.Qc2 e5 14.Nxe5 fxe5 15.Bxe5 Qe6 16.Bd4 Bd7 17.f3
Nf6 18.Nxa7 Nc7 19.Nb5 Nxb5 20.axb5 Rac8 21.Qf2 Bd6 22.Qh4 Be5 23.Ra7 Rxc3 24.Bxc3
Bxc3 25.Qf2 Bxb4 26.Rxb7 Bc5 27.Kh1 Bxe3 28.Qh4 h6 29.Qg3 Rg8 30.Rb8 Bc5 31.Rxg8+
Kxg8 32.Rb1 Qb6 33.Ra1 Bf8 34.Qe1 Qd4 35.Rd1 Qf4 36.Qe2 1/2-1/2

[Event "1. Bundesliga 2016/2017"]
[Site "St. Veit/Glan"]
[Date "2017.03.25"]
[Round "7"]
[Board "2"]
[White "Dizdar, Goran"]
[Black "Henrichs, Thomas"]
[Result "0-1"]
[WhiteElo "2504"]
[BlackElo "2505"]
[PlyCount "92"]
[EventDate "2016.10.20"]
[EventType "team"]
[EventRounds "11"]
[EventCountry "AUT"]
[WhiteTeam "Schachklub Absam"]
[BlackTeam "Bregenz"]

1.d4 Nf6 2.Nf3 g6 3.c4 Bg7 4.g3 O-O 5.Bg2 e6 6.O-O d5 7.Nc3 Nc6 8.b3 Ne4 9.Bb2 f5
10.e3 b6 11.cxd5 exd5 12.Qc1 Nb4 13.Rd1 Ba6 14.Ne1 Bb7 15.a3 Na6 16.b4 c6 17.Nd3 Rc8
18.Qc2 Nc7 19.a4 Re8 20.Qb3 a6 21.Ne5 Nd6 22.Ne2 b5 23.axb5 cxb5 24.Nf4 Nc4 25.Ned3
Rb8 26.Nc5 Bc8 27.Bc3 Rb6 28.Ra2 g5 29.Nfd3 h5 30.Rc2 h4 31.Ne5 hxg3 32.hxg3 Rh6 33.Ba1
Re7 34.Qd3 Ne8 35.Qb3 Bf8 36.Bf3 Reh7 37.Rcc1 Nf6 38.Qa2 Ne4 39.Bg2 Qe8 40.g4 Rh2
41.Kf1 Bd6 42.Nf3 R2h6 43.Ne5 Qf8 44.Kg1 Rh2 45.Nf3 Rxg2+ 46.Kxg2 fxg4 0-1

[Event "1. Bundesliga 2016/2017"]
[Site "St. Veit/Glan"]
[Date "2017.03.25"]
[Round "7"]
[Board "3"]
[White "Tuncer, Ufuk"]
[Black "Rotstein, Arkadij"]
[Result "0-1"]
[WhiteElo "2308"]
[BlackElo "2501"]
[PlyCount "60"]
[EventDate "2016.10.20"]
[EventType "team"]
[EventRounds "11"]
[EventCountry "AUT"]
[WhiteTeam "Bregenz"]
[BlackTeam "Schachklub Absam"]

1.e4 g6 2.d4 Bg7 3.Nc3 c6 4.f4 d5 5.e5 Nh6 6.Be2 O-O 7.Nf3 Bg4 8.Be3 f6 9.Qd2 Nd7
10.O-O Nf5 11.Bf2 Bh6 12.Rfe1 e6 13.exf6 Bxf3 14.f7+ Rxf7 15.Bxf3 Qc7 16.g3 e5 17.dxe5
Nxe5 18.Bg2 Nc4 19.Qc1 Bg7 20.Nd1 Re7 21.Rxe7 Qxe7 22.c3 Re8 23.Bf1 b5 24.a4 b4 25.a5
b3 26.Ra4 Qe4 27.a6 Qc2 28.Ra1 Re7 29.Bc5 Re1 30.Bf2 Nd2 0-1

[Event "1. Bundesliga 2016/2017"]
[Site "St. Veit/Glan"]
[Date "2017.03.25"]
[Round "7"]
[Board "4"]
[White "Wegerle, Joerg"]
[Black "Dobosz, Henryk"]
[Result "1/2-1/2"]
[WhiteElo "2439"]
[BlackElo "2379"]
[PlyCount "60"]
[EventDate "2016.10.20"]
[EventType "team"]
[EventRounds "11"]
[EventCountry "AUT"]
[WhiteTeam "Schachklub Absam"]
[BlackTeam "Bregenz"]

1.d4 d5 2.c4 c6 3.cxd5 cxd5 4.Nc3 Nf6 5.Bf4 Nc6 6.e3 Bf5 7.Qb3 Na5 8.Qa4+ Bd7 9.Qc2
e6 10.Bd3 Nc6 11.a3 Nh5 12.Bg3 g6 13.Nf3 Nxg3 14.hxg3 Rc8 15.Rc1 Bg7 16.Qe2 O-O 17.O-O
a6 18.Nd2 e5 19.Nxd5 Be6 20.Nb4 Nxb4 21.Rxc8 Bxc8 22.axb4 exd4 23.e4 Qb6 24.b5 axb5
25.Bxb5 d3 26.Bxd3 Qxb2 27.Rb1 Qc3 28.Bc4 Bd4 29.Nf3 Bc5 30.Qa2 Kg7 1/2-1/2

[Event "1. Bundesliga 2016/2017"]
[Site "St. Veit/Glan"]
[Date "2017.03.25"]
[Round "7"]
[Board "1"]
[White "Sandhoefner, Florian"]
[Black "Lenic, Luka"]
[Result "0-1"]
[WhiteElo "2257"]
[BlackElo "2645"]
[PlyCount "184"]
[EventDate "2016.10.20"]
[EventType "team"]
[EventRounds "11"]
[EventCountry "AUT"]
[WhiteTeam "ASK St. Valentin"]
[BlackTeam "SV Raika Rapid Feffernitz"]

1.d4 Nf6 2.c4 e6 3.Nc3 Bb4 4.Qc2 O-O 5.a3 Bxc3+ 6.Qxc3 b6 7.Bg5 c5 8.dxc5 bxc5 9.e3
Bb7 10.f3 a5 11.Bd3 Nc6 12.Ne2 d6 13.O-O Ne5 14.Rad1 h6 15.Bh4 Qe7 16.Bb1 Rfd8 17.Rd2
Ng6 18.Bf2 a4 19.Rfd1 Bc6 20.e4 Rd7 21.Qc2 Ne5 22.Ba2 Ne8 23.Nc3 Rb7 24.Bg3 Bd7 25.f4
Nc6 26.Nb5 e5 27.fxe5 dxe5 28.Nc3 Nd4 29.Nd5 Qg5 30.Qc3 Bg4 31.Re1 Nc7 32.Qe3 Nce6
33.Nc3 Qxe3+ 34.Rxe3 f6 35.Be1 Bh5 36.Rf2 Nf4 37.Kf1 Be8 38.Nd5 Nfe6 39.Bc3 Nc6 40.Bb1
Ned4 41.Bd3 Kf7 42.Ke1 Bd7 43.Kd2 h5 44.Kc1 h4 45.Kb1 Rh8 46.Re1 Ke6 47.Ka2 Kd6 48.Ref1
Be6 49.Bd2 Rhb8 50.Bc3 Ne7 51.Re1 Rh8 52.Ne3 Rb3 53.Nd5 Rb7 54.Ka1 Ng8 55.Ka2 Nh6
56.h3 Ng8 57.Bc2 Bd7 58.Bd1 Bc6 59.Bd2 Ne7 60.Nc3 Ra7 61.Nd5 Nxd5 62.exd5 Bd7 63.Bc3
Bc8 64.Bc2 Nxc2 65.Rxc2 Bf5 66.Rd2 Rb7 67.Re3 Rh5 68.Rde2 Rb3 69.Ka1 Rg5 70.Ka2 Bg6
71.Rf2 Bh7 72.Ka1 Bg6 73.Ka2 Bf5 74.Ka1 Bc8 75.Re4 Rh5 76.Ka2 Rxc3 77.bxc3 f5 78.Re1
Ba6 79.Rb2 Bxc4+ 80.Ka1 Rg5 81.Rb6+ Kxd5 82.Rd1+ Ke4 83.Rd2 Ke3 84.Rdb2 e4 85.Rb8
f4 86.Rh8 f3 87.gxf3 Rg1+ 88.Rb1 Rxb1+ 89.Kxb1 exf3 90.Re8+ Kf4 91.Rf8+ Kg3 92.Kc2
f2 0-1

[Event "1. Bundesliga 2016/2017"]
[Site "St. Veit/Glan"]
[Date "2017.03.25"]
[Round "7"]
[Board "2"]
[White "Danin, Alexandre"]
[Black "Theuretzbacher, Klaus"]
[Result "1-0"]
[WhiteElo "2564"]
[BlackElo "2248"]
[PlyCount "67"]
[EventDate "2016.10.20"]
[EventType "team"]
[EventRounds "11"]
[EventCountry "AUT"]
[WhiteTeam "SV Raika Rapid Feffernitz"]
[BlackTeam "ASK St. Valentin"]

1.e4 d5 2.exd5 Qxd5 3.Nc3 Qd6 4.d4 Nf6 5.Nf3 a6 6.g3 Bg4 7.Bg2 c6 8.O-O e6 9.h3 Bxf3
10.Bxf3 Be7 11.b3 O-O 12.Bb2 Nbd7 13.Ne2 Rad8 14.c4 Qb8 15.Qc2 Rfe8 16.Rad1 Bd6 17.Bg2
e5 18.Rfe1 Bb4 19.Rf1 Bd6 20.dxe5 Bxe5 21.Nd4 c5 22.Nf5 g6 23.Ne3 Qc7 24.Rfe1 h5 25.Nd5
Nxd5 26.Bxd5 Kg7 27.Rxe5 Nxe5 28.f4 f6 29.fxe5 fxe5 30.Qe4 Re7 31.Rf1 Rde8 32.Bc1
Qa5 33.Qe3 Rh8 34.Qg5 1-0